| 000 | 00776nam a22002297a 4500 | ||
|---|---|---|---|
| 003 | OSt | ||
| 005 | 20260504115707.0 | ||
| 008 | 260504b |||||||| |||| 00| 0 eng d | ||
| 020 | _a9788187169123 | ||
| 040 |
_bEnglish _cCentral Library IIT Goa |
||
| 082 |
_a530.1 _bPRO |
||
| 245 |
_aProblems and Solutions on Mechanics _c |
||
| 260 |
_aKolkata: _bSarat Book House, _cc1994 |
||
| 300 | _aix,757p. | ||
| 440 |
_aMajor American Universities Ph. D. Qualifying Questions and Solutions _93802 |
||
| 650 |
_aAnalytical mehanics _93803 |
||
| 650 |
_aNewtonian mechanics _93804 |
||
| 650 |
_aPhysics _962 |
||
| 700 |
_aYung-kuo , Lim (ed.) _eeditor _93805 |
||
| 700 |
_aCompiled by The Physics Coaching Class, University of science and technology of china _93806 |
||
| 942 |
_2ddc _cBK |
||
| 999 |
_c1921 _d1921 |
||